| 000 | 00508nam a22001817a 4500 | ||
|---|---|---|---|
| 005 | 20240813153107.0 | ||
| 010 | _aENG-141221 | ||
| 020 |
_a9789357041225 _c320.00 |
||
| 035 | _aEN-124753 | ||
| 037 | _bDBAD | ||
| 082 |
_aS _2First |
||
| 100 |
_aNizamuddin, Khaja _969953 |
||
| 245 |
_aFourteen Pomegranate Seeds/ _cby Khaja Nizamuddin |
||
| 260 |
_aDelhi _bBluerose Publishers _c2023 |
||
| 270 |
_bDelhi _k8882898898 _minfo@bluerosepublishers.com |
||
| 300 |
_a120P; _c20cm(Pb) |
||
| 942 |
_2ddc _cEN _hS _mNIZ |
||
| 999 |
_c204820 _d204820 |
||